000 00606nam a2200217 4500
005 20160404143817.0
008 160404b xxu||||| |||| 00| 0 eng d
020 _a9788185026718
_c2250.00
040 _aLoreto College
041 _aEnglish
082 _a954
_bAHM
245 _aLadakh
_bCulture at the crossroads
_cEdited by Monisha Ahmed and Clare Harris
260 _aMumbai
_bMarg
_c2005
300 _a124p
_b30cm
500 _aVol.57 No.1
504 _aIncludes bibliographical referencesand index
650 _aLadakh-Culture
700 _4ed.
_aAhmed,Monisha
850 _aLCLIB
942 _cBK
999 _c40547
_d91026